Kichocheo cha fasihi : (Record no. 10212)

MARC details
000 -LEADER
fixed length control field 00592cam a22002052 4500
001 - CONTROL NUMBER
control field 0000024304
005 - DATE AND TIME OF LATEST TRANSACTION
control field 20151217152258.0
008 - FIXED-LENGTH DATA ELEMENTS--GENERAL INFORMATION
fixed length control field 130628s xx 000 0 eng d
020 ## - INTERNATIONAL STANDARD BOOK NUMBER
International Standard Book Number 9966882730 :
040 ## - CATALOGING SOURCE
Original cataloging agency KABU
Transcribing agency KABU
100 1# - MAIN ENTRY--PERSONAL NAME
Personal name Wamitila, K. W.
-- 0000179484
245 10 - TITLE STATEMENT
Title Kichocheo cha fasihi :
Remainder of title simulizi na andisi /
Statement of responsibility, etc. K. W. Wamitila.
250 ## - EDITION STATEMENT
Edition statement 1st ed.
260 ## - PUBLICATION, DISTRIBUTION, ETC. (IMPRINT)
Place of publication, distribution, etc. Nairobi :
Name of publisher, distributor, etc. Focus,
Date of publication, distribution, etc. 2004.
300 ## - PHYSICAL DESCRIPTION
Extent x, 264 p.
650 #0 - SUBJECT ADDED ENTRY--TOPICAL TERM
Topical term or geographic name as entry element Swahili literature.
-- 0000178735
852 1# - LOCATION
-- p430 KES
908 ## - PUT COMMAND PARAMETER (RLIN)
Put command parameter 130628
950 ## - LOCAL HOLDINGS (RLIN)
-- 1
Holdings
Withdrawn status Lost status Source of classification or shelving scheme Not for loan Home library Current library Date acquired Total Checkouts Full call number Barcode Date last seen Price effective from Koha item type Total Renewals Date last checked out
    Library of Congress Classification   Kabarak, Main Campus Kabarak, Main Campus 17/12/2015   PL8704 .W36K5 2004 c. 1 015433 17/12/2015 17/12/2015 General Collection    
    Library of Congress Classification   Kabarak, Main Campus Kabarak, Main Campus 17/12/2015 7 PL8704 .W36K5 2004 c. 2 016732 11/12/2017 17/12/2015 General Collection 5 06/10/2017
Designed with assistance from East African Informatics Ltd